Statistics for Indiana Pacers: Most Dunks Each Year

Click here to take the quiz!

General Stats

  • This quiz has been taken 33 times
    (19 since last reset)
  • The average score is 13 of 18

Answer Stats

Year Player Dunks % Correct
2016-2017Myles Turner86
94%
2011-2012Paul George49
94%
2017-2018Victor Oladipo61
88%
2001-2002Jermaine O'Neal121
81%
2008-2009Roy Hibbert35
69%
2014-2015C.J. Miles32
25%
2007-2008Troy Murphy38
19%
2015-2016Ian Mahinmi51
13%

Score Distribution

Percentile by Number Answered

Percent of People with Each Score

Your Score History

You have not taken this quiz since the last reset